000 00512nam a2200169Ia 4500
005 20250923145832.0
008 008 250917s9999 xx 000 0 eng d
037 _aTextual
040 _aDSWL
_beng
_cDSWL
041 _aeng
_2eng
084 _aT4:3(YX),2'N60t, N65 K5;1
_qDSWL
245 0 _aSocial work education in Indian universities
_c by U.G.C.
260 _aNew Delhi
_bU.G.C.
_c1965
300 _av,100p.
942 _cTEXL
_hT4:3(YX),2'N60t, N65 K5;1
999 _c1456290
_d1456290